Ekonomické aspekty chronických neinfekčných ochorení

Chronické neinfekčné ochorenia sa stali hlavnou príčinou úmrtia vo svete. Sú dôležitým socioekonomickým faktorom a ovplyvňujú rozvinuté ako aj rozvojové krajiny. Znižujú priemerný vek dožitia sa, ako aj jeho kvalitu. Premietajú sa do makroekonomickej sféry a spomaľujú ekonomický rast. Ich vplyv na e...

Ausführliche Beschreibung

Gespeichert in:
Bibliographische Detailangaben
1. Verfasser: Valačai, Peter, 1989-
Format: Buchkapitel
Sprache:Slowakisch
Schlagworte:
Tags: Tag hinzufügen
Keine Tags, Fügen Sie das erste Tag hinzu!

MARC

LEADER 00000nla a2200000 4500
001 0208582
005 20240502073451.0
041 0 |a slo 
044 |a SK 
245 1 0 |a Ekonomické aspekty chronických neinfekčných ochorení  |c Peter Valačai 
520 |a Chronické neinfekčné ochorenia sa stali hlavnou príčinou úmrtia vo svete. Sú dôležitým socioekonomickým faktorom a ovplyvňujú rozvinuté ako aj rozvojové krajiny. Znižujú priemerný vek dožitia sa, ako aj jeho kvalitu. Premietajú sa do makroekonomickej sféry a spomaľujú ekonomický rast. Ich vplyv na ekonomický systém sveta sa dá merať. Mnohým neinfekčným ochoreniam sa dá predchádzať vhodnou politikou prevencie. V európskom kontexte je na medzištátnej úrovni najdôležitejší aktér v oblasti prevencie zdravia Európska Únia. 
610 2 0 |a Európska únia 
610 2 0 |a starostlivosť zdravotná 
610 2 0 |a prevencia 
610 2 0 |a politika sociálna 
100 1 |a Valačai, Peter, 1989-